500 tranzistorových obvodů

Enregistré dans:
Détails bibliographiques
Auteur principal: Slavíček, Ivan (Auteur)
Format: Livre
Langue:tchèque
Publié: Praha : Práce, 1970
Édition:1. vyd.
Tags: Ajouter un tag
Pas de tags, Soyez le premier à ajouter un tag!

MARC

LEADER 00000nam a22000003a 4500
001 stu53394
005 20150617225703.0
008 000502s1970----cs------------------cze-d
040 |a STU  |b slo 
041 0 |a cze 
044 |a cs 
080 |a 621.375.4 
100 1 |a Slavíček, Ivan  |4 aut 
245 1 |a 500 tranzistorových obvodů 
250 |a 1. vyd. 
260 |a Praha :  |b Práce,  |c 1970 
300 |a 222 s 
996 |b 284EK04384  |c E*25248  |l EE01  |s A  |a 24  |w stu53394_0001 
996 |b 284EK90992  |c E* 90992  |l EE0101  |s P  |a 0  |w stu53394_0002